États de l'Australie - Statistiques

Statistiques générales
  • Ce quiz a été pris 127 fois
  • Le résultat moyen est 4 sur 6
Statistiques - réponses
États % Correct
Queensland
79%
Victoria
73%
Tasmanie
68%
Nouvelle-Galles du Sud
63%
Australie-Occidentale
61%
Australie-Méridionale
55%
Aucun quiz correspondant
Distribution des résultats
% des personnes avec chaque résultat
Percentile par nombre de réponses
Votre historique - résultats
Vous n’avez pas pris ce quiz